00530nam a2200145 a 450000100100000000500170001000800410002704000250006824500340009326000680012730000580019504900090025395201050026299900170036700003158220200930063030.0110627s20uu dr 000 0 spa d aDO-SdBNPbspacBNPHU00aUniversidad Central del Este. aSan Pedro de Macorís, República Dominicana :bUCE,c[20uu]. a1 v. con varias paginaciones :bil., retrs. ;c23 cm. aBNPD 0010718PDaPDbPDcCTd2011-06-27iLF1l0o p31582-10r2020-06-25w2020-06-25yLFPDZNo se presta c31074d31074